000
00275nam a2200097Ia 4500
001
691526
005
20250826161837.0
008
250824s9999 xx 000 0 und d
245
0
_a
BİR DEVLETE ADINI VEREN ATA SELÇUK BEY
_c
AHMET HALDUN TERZİOĞLU
260
_b
PANAMA YAYINLARI
999
_c
691526
_d
691526